Tuyển tập Nam Cao
保存先:
| 第一著者: | |
|---|---|
| フォーマット: | 図書 |
| タグ: |
タグ追加
タグなし, このレコードへの初めてのタグを付けませんか!
|
| Thư viện lưu trữ: | Mạng thư viện Đại học Đà Nẵng |
|---|
| LEADER | 00524nam a2200205 4500 | ||
|---|---|---|---|
| 001 | 000005203 | ||
| 003 | 1346 | ||
| 005 | 20150812140851.0 | ||
| 008 | 110811s sd | ||
| 100 | 0 | |a Nam Cao | |
| 245 | 0 | 0 | |a Tuyển tập Nam Cao |c Nam Cao |
| 774 | |d H. |d Văn học |d 1987 |g Tập 1 |h 538 tr. |w 1347 | ||
| OWN | |a LSP | ||
| 999 | |a From the UDN01 | ||
| TYP | |a Monograph | ||
| TYP | |a Printed language | ||
| 980 | |a Mạng thư viện Đại học Đà Nẵng | ||